000 00637nam a2200253Ia 4500
003 OSt
005 20220918163217.0
006 a|||||r|||| 00| 0
007 ta
008 220917b |||||||| |||| 00| 0 eng d
020 _a0 330 26810 4
024 _a30,166
037 _cTextual
040 _aARTS
_cARTS
_beng
041 _2eng
_aeng
082 _aO111,2NPE,1, M1
100 _aPeyton K M
_912026
245 0 _aDear fred
260 _aLondon
_bPan Books
_c1981
300 _a250p.
_ccm.
650 _aENGLISH LITERATURE
942 _hO111,2NPE,1, M1
_cTEXL
_2CC
999 _c118473
_d118473